000 00672nam a22002417a 4500
003 UA-OsUOA
001 30796
007 ta
008 20041115b un ||||| |||| 00| 0 ukr d
090 _a006.44:02
_bС76
942 _cBK
040 _aUA-OsUOA
_brus
_cUA-OsUOA
_dUA-OsUOA
245 _aСтандарты по библиотечно-информационной деятельности
_cУпоряд. Т. В.Захарчук
300 _a576 с.
955 _a0
041 _arus
080 _a006.44:02
020 _a5-93913-057-7
260 _aСанкт-Петербург
_bПрофессия
_c200
044 _aRU
650 7 _2UDC
999 _c317211
_d317211